000
00340nam a2200145Ia 4500
008
191201s2011 xx 000 0 und d
082
_a
658.15
_b
DWM
100
_a
DWIVEDI, D N
245
0
_a
Managerial Economics
250
_a
Rep.
260
_a
N.Delhi
_b
Vikas Publication House
_c
2011
300
_a
704
650
_a
MBA
942
_2
ddc
_c
BK
999
_c
4006
_d
4006